<?xml version="1.0" encoding="UTF-8"?>
<record
    xmlns:xsi="http://www.w3.org/2001/XMLSchema-instance"
    xsi:schemaLocation="http://www.loc.gov/MARC21/slim http://www.loc.gov/standards/marcxml/schema/MARC21slim.xsd"
    xmlns="http://www.loc.gov/MARC21/slim">

  <leader>00867nim a2200289 i 4500</leader>
  <controlfield tag="001">bgj</controlfield>
  <controlfield tag="003">BPK</controlfield>
  <controlfield tag="005">20200710120720.0</controlfield>
  <controlfield tag="006">i|||||r|||| 00|   </controlfield>
  <controlfield tag="007">ss um|uuuuunae</controlfield>
  <controlfield tag="008">001010s1990    uk   ||      |000   eng d</controlfield>
  <datafield tag="020" ind1=" " ind2=" ">
    <subfield code="a">0194339696 </subfield>
  </datafield>
  <datafield tag="040" ind1=" " ind2=" ">
    <subfield code="c">BPK</subfield>
  </datafield>
  <datafield tag="041" ind1="0" ind2=" ">
    <subfield code="a">eng</subfield>
  </datafield>
  <datafield tag="080" ind1=" " ind2=" ">
    <subfield code="a">811.111'355</subfield>
  </datafield>
  <datafield tag="080" ind1=" " ind2=" ">
    <subfield code="a">(07)</subfield>
  </datafield>
  <datafield tag="100" ind1="1" ind2=" ">
    <subfield code="a">Cunningham, Sarah. </subfield>
    <subfield code="9">23211</subfield>
  </datafield>
  <datafield tag="245" ind1="1" ind2="0">
    <subfield code="a">Headway intermediate :</subfield>
    <subfield code="b">pronunciation /</subfield>
    <subfield code="c">Sarah Cunningham ; Bill Bowler.</subfield>
  </datafield>
  <datafield tag="260" ind1=" " ind2=" ">
    <subfield code="a">Oxford :</subfield>
    <subfield code="b">Oxford University Press,</subfield>
    <subfield code="c">cop. 1990.</subfield>
  </datafield>
  <datafield tag="300" ind1=" " ind2=" ">
    <subfield code="a">2 kasety d&#x17A;w.</subfield>
  </datafield>
  <datafield tag="650" ind1=" " ind2="4">
    <subfield code="a">J&#x119;zyk angielski</subfield>
    <subfield code="x">wymowa.</subfield>
    <subfield code="9">30448</subfield>
  </datafield>
  <datafield tag="655" ind1=" " ind2="4">
    <subfield code="9">17</subfield>
    <subfield code="a">Podr&#x119;cznik</subfield>
  </datafield>
  <datafield tag="655" ind1=" " ind2="4">
    <subfield code="9">15979</subfield>
    <subfield code="a">Dokumenty d&#x17A;wi&#x119;kowe</subfield>
  </datafield>
  <datafield tag="700" ind1="1" ind2=" ">
    <subfield code="a">Bowler, Bill.</subfield>
    <subfield code="9">33443</subfield>
  </datafield>
  <datafield tag="856" ind1=" " ind2=" ">
    <subfield code="u">http://koha.tu.koszalin.pl/cgi-bin/koha/opac-detail.pl?biblionumber=50069</subfield>
    <subfield code="y">Katalog online BPK</subfield>
  </datafield>
  <datafield tag="942" ind1=" " ind2=" ">
    <subfield code="c">TM</subfield>
    <subfield code="2">UKD</subfield>
  </datafield>
  <datafield tag="999" ind1=" " ind2=" ">
    <subfield code="c">50069</subfield>
    <subfield code="d">50069</subfield>
  </datafield>
  <datafield tag="952" ind1=" " ind2=" ">
    <subfield code="0">0</subfield>
    <subfield code="1">0</subfield>
    <subfield code="4">0</subfield>
    <subfield code="7">0</subfield>
    <subfield code="a">BPK</subfield>
    <subfield code="b">BPK</subfield>
    <subfield code="c">w</subfield>
    <subfield code="d">2013-02-02</subfield>
    <subfield code="e">KR/59/91</subfield>
    <subfield code="g">0.00</subfield>
    <subfield code="i">ZS 821</subfield>
    <subfield code="o">TM 821</subfield>
    <subfield code="p">02124599</subfield>
    <subfield code="r">2017-01-02 00:00:00</subfield>
    <subfield code="w">2013-02-02</subfield>
    <subfield code="y">TM</subfield>
  </datafield>
  <datafield tag="952" ind1=" " ind2=" ">
    <subfield code="0">0</subfield>
    <subfield code="1">0</subfield>
    <subfield code="4">0</subfield>
    <subfield code="7">0</subfield>
    <subfield code="a">BPK</subfield>
    <subfield code="b">BPK</subfield>
    <subfield code="c">w</subfield>
    <subfield code="d">2013-02-02</subfield>
    <subfield code="e">KR/59/91</subfield>
    <subfield code="g">0.00</subfield>
    <subfield code="i">ZS 822</subfield>
    <subfield code="o">TM 822</subfield>
    <subfield code="p">02124582</subfield>
    <subfield code="r">2017-01-02 00:00:00</subfield>
    <subfield code="w">2013-02-02</subfield>
    <subfield code="y">TM</subfield>
  </datafield>
  <datafield tag="952" ind1=" " ind2=" ">
    <subfield code="0">0</subfield>
    <subfield code="1">0</subfield>
    <subfield code="4">0</subfield>
    <subfield code="7">0</subfield>
    <subfield code="a">BPK</subfield>
    <subfield code="b">BPK</subfield>
    <subfield code="c">w</subfield>
    <subfield code="d">2013-02-02</subfield>
    <subfield code="e">KR/59/91</subfield>
    <subfield code="g">0.00</subfield>
    <subfield code="i">ZS 823</subfield>
    <subfield code="o">TM 823</subfield>
    <subfield code="p">02124605</subfield>
    <subfield code="r">2017-01-02 00:00:00</subfield>
    <subfield code="w">2013-02-02</subfield>
    <subfield code="y">TM</subfield>
  </datafield>
  <datafield tag="952" ind1=" " ind2=" ">
    <subfield code="0">0</subfield>
    <subfield code="1">0</subfield>
    <subfield code="4">0</subfield>
    <subfield code="7">0</subfield>
    <subfield code="a">BPK</subfield>
    <subfield code="b">BPK</subfield>
    <subfield code="c">kw</subfield>
    <subfield code="d">2013-02-02</subfield>
    <subfield code="e">KR/59/91</subfield>
    <subfield code="i">ZS 834</subfield>
    <subfield code="o">TM 834</subfield>
    <subfield code="p">02399805</subfield>
    <subfield code="r">2017-01-02 00:00:00</subfield>
    <subfield code="w">2013-02-02</subfield>
    <subfield code="y">TM</subfield>
  </datafield>
  <datafield tag="952" ind1=" " ind2=" ">
    <subfield code="0">0</subfield>
    <subfield code="1">0</subfield>
    <subfield code="4">0</subfield>
    <subfield code="7">0</subfield>
    <subfield code="a">BPK</subfield>
    <subfield code="b">BPK</subfield>
    <subfield code="c">kw</subfield>
    <subfield code="d">2013-02-02</subfield>
    <subfield code="e">KR/59/91</subfield>
    <subfield code="i">ZS 835</subfield>
    <subfield code="o">TM 835</subfield>
    <subfield code="p">02399799</subfield>
    <subfield code="r">2017-01-02 00:00:00</subfield>
    <subfield code="w">2013-02-02</subfield>
    <subfield code="y">TM</subfield>
  </datafield>
  <datafield tag="952" ind1=" " ind2=" ">
    <subfield code="0">0</subfield>
    <subfield code="1">0</subfield>
    <subfield code="4">0</subfield>
    <subfield code="7">0</subfield>
    <subfield code="a">BPK</subfield>
    <subfield code="b">BPK</subfield>
    <subfield code="c">w</subfield>
    <subfield code="d">2013-02-02</subfield>
    <subfield code="e">KR/59/91</subfield>
    <subfield code="g">60000.00</subfield>
    <subfield code="i">ZS 836</subfield>
    <subfield code="o">TM 836</subfield>
    <subfield code="p">02203317</subfield>
    <subfield code="r">2017-01-02 00:00:00</subfield>
    <subfield code="w">2013-02-02</subfield>
    <subfield code="y">TM</subfield>
  </datafield>
</record>
